00361pam a2200145a 44500008004100000020002300041082001600064100001800080245003400098250001200132260003000144300001100174700001200185700001800197230405s2011 xxu||||| |||| 00| 0 eng d a8123914164cRs.175 a610.73bAGA aAgarwal, K.N. aGrowth Infancy to Adolescence a2nd Ed. aNew DelhibCBS Pub.c2011 a146 p aSeth, A aAgarwal, D.K.